000
00244nam a22001097a 4500
999
_c
260891
_d
260890
020
_a
9780545425179
100
_a
Georgian Bay
245
_a
2023 Book of World Record
260
_a
New York
_b
Scholastic
_c
2012
300
_a
316 pgs
942
_c
BK